French language word chain - Statistics

General Stats
  • This quiz has been taken 396 times
  • The average score is 10 of 13
Answer Stats
Hint Answer % Correct
Hello Bonjour
99%
Red Rouge
97%
Cat Chat
94%
Water Eau
92%
The first number Un
89%
Head Tête
82%
Elephant Éléphant
80%
Bag Sac
74%
To swim Nager
71%
To find Trouver
67%
Meal Repas
57%
To return Retourner
56%
Radiant Radieux
10%
No matching quizzes found
Score Distribution
Percent of People with Each Score
Percentile by Number Answered
Your Score History
You have not taken this quiz